Nutraceuticals, glycemic health and type 2 diabetes
Αποθηκεύτηκε σε:
| Άλλοι συγγραφείς: | , |
|---|---|
| Μορφή: | Βιβλίο |
| Γλώσσα: | English |
| Δημοσίευση: |
Iowa :
Wiley-Blackwell,
c2008
|
| Σειρά: | IFT Press series
|
| Θέματα: | |
| Ετικέτες: |
Προσθήκη ετικέτας
Δεν υπάρχουν, Καταχωρήστε ετικέτα πρώτοι!
|
MARC
| LEADER | 00000nam a2200000 i 4500 | ||
|---|---|---|---|
| 001 | 1/44644 | ||
| 008 | 140320s2008 eng d | ||
| 020 | |a 978-0-8138-2933-3 | ||
| 035 | |l 10117163 | ||
| 040 | |a GR-MY-UA |b gre |e aacr | ||
| 041 | 0 | |a eng | |
| 082 | 0 | |a 616.4620654 |2 (23) | |
| 245 | 1 | 0 | |a Nutraceuticals, glycemic health and type 2 diabetes / |c editors Vijai K Pasupuleti, James W Anderson |
| 260 | |a Iowa : |b Wiley-Blackwell, |c c2008 | ||
| 300 | |a xvii, 489 σ.; |b πίν.; |c 24 εκ. | ||
| 490 | 1 | |a IFT Press series | |
| 504 | |a Περιέχει βιβλιογραφικές παραπομπές και ευρετήριο | ||
| 650 | 0 | 0 | |a Diabetes Mellitus, Type 2 |x Prevention. |
| 650 | 0 | 0 | |a Functional foods. |
| 650 | 0 | 0 | |a Diabetes Mellitus, Type 2 |x diet therapy. |
| 650 | 0 | 0 | |a Dietary supplements. |
| 700 | 1 | |a Pasupuleti, Vijai K. |4 edt | |
| 700 | 1 | |a Anderson, James W. |4 edt | |
| 830 | 0 | |a IFT Press series | |
| 852 | |a INST |b LEMNOS |e 20140320 |h 616.4620654 NUT |p 005600000997 |q 005600000997 |t BK |y 0 | ||
| 901 | |a BIBL6-2014-1 | ||
| 909 | |a Μ |b 179502 | ||
| 922 | |a 6ΕΛΗ |b 201306 |c ΤΑΚ/ΤΕΤΔ |d ΔΙΑΔΡΟΜΕΣ | ||
| 970 | |a ΜΟΣΧΟΒΗ |b ΕΥΑΓΓΕΛΙΑ |z 2014/03/20 | ||